00812nam a22002057a 4500003000900000008004100009040007100050082001500121100001700136245005400153260003900207300003000246505021500276650002400491650002500515650001100540700001700551700001900568700001900587AR-CdUCM190312b ||||| |||| 00| 0 spa d aMUNICIPALIDAD PROVINCIAL DEL CUSCOcBIBLIOTECA MUNICIPAL DEL CUSCO a985 /bA59 aAnsion, Juan aCompendio de Historia del Perú :b1841 - 1980 / aPerú :bEscuela Popular ,c1983. a171 páginas ;c24.5 cm. aContenido : Crecimiento y Auge del Capitalismo -- Crisis de la Economia y Guerra con Chile -- Reordenamiento de la economia y la sociedad peruana -- Crisis de 1929 -- La revolucion peruana y la decada del 70... aHistoria del Perú aRepublica del Perú aPerú aPinto, Luisa aHelfer, Gloria aVargas, Raúl